| 000 | 00000nam 2200000za 4500 |
| 001 | 9.837826 |
| 003 | CaOODSP |
| 005 | 20221107151231 |
| 007 | cr ||||||||||| |
| 008 | 170606s1983 onc |o||||f|0| 0|fre d |
| 040 | |aCaOODSP|bfre |
| 041 | |afre|aeng |
| 043 | |an-cn--- |
| 086 | 1 |aCS11-614/85-17-PDF |
| 100 | 1 |aCholette, Pierre-A. (Pierre-Arthur), |d1948- |
| 245 | 10|aRedistribution des valeurs extrèmes des séries de permis de bâtir |h[ressource électronique] = |bDistributing extreme values for building permit series / |cpar Pierre A. Cholette et Jean-François Carbonneau. |
| 246 | 11|aDistributing extreme values for building permit series |
| 260 | |a[Ottawa] : |bStatistique Canada, |c1983. |
| 300 | |a13 p. |
| 490 | 1 |aCahier de travail (Statistique Canada. Direction de la méthodologie) ; |v85-17 |
| 500 | |aÉdition numérisée de l'imprimé [par Statistique Canada]. |
| 500 | |a« Document de recherche 83-09-001B. » |
| 500 | |a« Septembre 1983. » |
| 504 | |aComprend des références bibliographiques. |
| 520 | |a« Ce travail élabore une méthode de remplacement des extrèmes qui n'affecte pas le niveau local de la série. Contrairement au procédé incorporé dans la méthode X-11(-ARMMI) qui remplace les extrèmes, le procédé proposé les répartit »--Introduction, p. 1. |
| 546 | |aTexte en français et en anglais. |
| 692 | 07|2gccst|aMéthodologie |
| 692 | 07|2gccst|aAnalyse statistique |
| 700 | 1 |aCarbonneau, Jean-François. |
| 710 | 1 |aCanada. |bStatistique Canada. |bDirection de la méthodologie. |
| 791 | |tRedistribution des valeurs extrèmes des séries de permis de bâtir |eeng|w(CaOODSP)9.837823 |
| 830 | #0|aCahier de travail (Statistique Canada. Direction de la méthodologie)|v85-17|w(CaOODSP)9.834767 |
| 856 | 40|qPDF|s2.15 Mo|uhttps://publications.gc.ca/collections/collection_2017/statcan/11-613/CS11-614-85-17.pdf |
| 986 | |a11-614 |